000 00312nam a22001217a 4500
040 _cSY
082 _a338
100 _aSAM VITOU; សំ វិទូ
245 _aNon-wood forest product, ការសិក្សាអនុផលព្រៃឈើ
260 _aRUA
_bSAM
_c1998
300 _a50p.
942 _cKB
999 _c9325
_d9325